| 000 | 00578nam a22001937a 4500 | ||
|---|---|---|---|
| 005 | 20251108164050.0 | ||
| 008 | 250721s1982 xx 000 0 ara d | ||
| 082 | 1 | 4 | _a152.145/قاس |
| 100 | 1 | _aصالح، قاسم حسين | |
| 245 | 1 | 0 | _aسايكولوجية إدراك اللون و الشكل / |
| 264 | 1 |
_aبغداد : _bدار الرشيد للنشر، _c1982. |
|
| 300 | _a174ص | ||
| 490 | 0 | _aسلسلة دراسات ؛ 305 | |
| 650 | 1 | 7 | _aعلم النفس |
| 650 | 1 | 7 | _aالألوان |
| 650 | 1 | 7 | _aالإدراك الحسي |
| 942 |
_2ddc _cBK |
||
| 999 |
_c2719 _d2719 |
||